Auditing : a systematic approach

Saved in:
Bibliographic Details
Main Author: Messier, William F.
Format: Book
Language:English
Published: New York : The McGraw-Hill Companies, Inc., 1997
Subjects:
Tags: Add Tag
No Tags, Be the first to tag this record!

MARC

LEADER 00000nam a2200000 i 4500
001 1/61522
008 980610s1997 eng d
020 |a 0070415757 
035 |l 10028910 
040 |a GR-MY-UA  |b gre  |e aacr 
041 0 |a eng 
082 0 |a 657.45 
100 1 |a Messier, William F. 
245 1 0 |a Auditing :  |b a systematic approach /  |c William F. Messier 
260 |a New York :   |b The McGraw-Hill Companies, Inc.,   |c 1997 
300 |a xxiii, 815 p.  |e 3 disks 3,5" 
504 |a Includes index 
650 0 0 |a Auditing. 
852 |a INST  |b CHIOS  |e 19980610  |h 657.45 MES  |p 005200016210  |q 005200016210  |t BK  |y 0 
852 |a INST  |b CHIOS  |e 19980610  |h 657.45 MES  |p 005200016211  |q 005200016211  |t BK  |y 0 
852 |a INST  |b CHIOS  |e 19980610  |h 657.45 MES  |p 005200016236  |q 005200016236  |t BK  |y 0 
852 |a INST  |b CHIOS  |e 19981103  |h 657.45 MES   |p 005200015383  |q 005200015383  |t BK  |y 0 
852 |a INST  |b CHIOS  |e 19981103  |h 657.45 MES   |p 005200015384  |q 005200015384  |t BK  |y 0 
852 |a INST  |b CHIOS  |e 19981103  |h 657.45 MES   |p 005200015385  |q 005200015385  |t BK  |y 0 
901 |a BIBL-1998-2 
909 |a Χ  |b 057233 
909 |a X  |b 057234 
909 |a X  |b 057235 
909 |a X  |b 055013 
909 |a X  |b 055014 
909 |a X  |b 055015 
922 |a 2ΕΛΗ  |b 199805  |c ΤΔΕ  |d ΠΑΠΑΣΩΤΗΡΙΟΥ